| 000 | 01292nam a22003134a 4500 | ||
|---|---|---|---|
| 001 | ebr10366870 | ||
| 003 | CaPaEBR | ||
| 006 | m u | ||
| 007 | cr cn||||||||| | ||
| 008 | 031030s2004 ilua s 000 0 eng | ||
| 010 | _z 2003023877 | ||
| 020 | _z1556525281 | ||
| 040 |
_aCaPaEBR _cCaPaEBR |
||
| 035 | _a(OCoLC)586098224 | ||
| 050 | 1 | 4 |
_aRT62 _b.C455 2004eb |
| 082 | 0 | 4 |
_a610.73/076 _222 |
| 245 | 0 | 4 |
_aThe Chicago Review Press NCLEX-PN practice test and review _h[electronic resource] / _c[edited by] Linda Waide and Berta Roland. |
| 246 | 3 | 0 | _aNCLEX-RN practice test and review |
| 260 |
_aChicago, Ill. : _bChicago Review Press, _cc2004. |
||
| 300 |
_axiv, 385 p. : _bill. |
||
| 533 |
_aElectronic reproduction. _bPalo Alto, Calif. : _cebrary, _d2013. _nAvailable via World Wide Web. _nAccess may be limited to ebrary affiliated libraries. |
||
| 650 | 0 |
_aPractical nursing _vExaminations, questions, etc. |
|
| 650 | 0 |
_aNational Council Licensure Examination for Practical/Vocational Nurses _vStudy guides. |
|
| 655 | 7 |
_aElectronic books. _2local |
|
| 700 | 1 | _aWaide, Linda. | |
| 700 | 1 | _aRoland, Berta. | |
| 710 | 2 | _aebrary, Inc. | |
| 856 | 4 | 0 |
_uhttp://site.ebrary.com/lib/rucke/Doc?id=10366870 _zAn electronic book accessible through the World Wide Web; click to view |
| 999 |
_c112271 _d112271 |
||